|
|
|
|
| LEADER |
00000naa2a2200000 4500 |
| 001 |
136028 |
| 005 |
20231101220607.0 |
| 035 |
|
|
|a (RuTPU)RU\TPU\book\147419
|
| 090 |
|
|
|a 136028
|
| 100 |
|
|
|a 20080417d2007 k y0rusy50 ca
|
| 101 |
0 |
|
|a rus
|
| 102 |
|
|
|a RU
|
| 200 |
1 |
|
|a Из истории развития коммуникативного подхода к обучению иностранным языкам в Германии
|f Т. С. Куст, Е. В. Мельникова, О. В. Ульянова
|
| 320 |
|
|
|a Библиогр.: 20 назв.
|
| 463 |
|
0 |
|0 (RuTPU)RU\TPU\book\136479
|t Инновационные технологии и экономика в машиностроении
|o V Всероссийская научно-практическая конференция с международным участием, г. Юрга 14-15 сентября 2007 г.
|o труды
|f Томский политехнический университет (ТПУ) ; Юргинский технологический институт (филиал) ; под ред. Д. А. Чинахова
|v С. 493-500
|d 2007
|p 558 с.
|
| 610 |
1 |
|
|a обучение
|
| 610 |
1 |
|
|a коммуникативное обучение
|
| 610 |
1 |
|
|a иностранные языки
|
| 610 |
1 |
|
|a история
|
| 610 |
1 |
|
|a Германия
|
| 610 |
1 |
|
|a труды учёных ТПУ
|
| 700 |
|
1 |
|a Куст
|b Т. С.
|c лингвист
|c доцент Юргинского технологического института Томского политехнического университета, кандидат филологических наук
|f 1978-
|g Татьяна Сергеевна
|2 stltpush
|3 (RuTPU)RU\TPU\pers\24488
|9 10811
|
| 701 |
|
1 |
|a Мельникова
|b Е. В.
|c лингвист
|c старший преподаватель Юргинского технологического института (филиала) Томского политехнического университета
|f 1972-
|g Елена Владимировна
|2 stltpush
|3 (RuTPU)RU\TPU\pers\24752
|9 10993
|
| 701 |
|
1 |
|a Ульянова
|b О. В.
|c лингвист
|c старший преподаватель Юргинского технологического института (филиала) Томского политехнического университета
|f 1973-
|g Ольга Викторовна
|2 stltpush
|3 (RuTPU)RU\TPU\pers\24543
|
| 801 |
|
1 |
|a RU
|b 63413507
|c 20080417
|g PSBO
|
| 801 |
|
2 |
|a RU
|b 63413507
|c 20160328
|g RCR
|
| 942 |
|
|
|c BK
|